000 01286nam a22003731a 4500
001 015447725
003 EG-ScBUE
005 20251125094153.0
008 091210s2010 enk f b 001 0 eng d
020 _a9780007244287 (pbk.)
020 _a0007244282 (pbk.)
040 _aStDuBDS
_beng
_erda
_cStDuBDS
_dUk
_dEG-ScBUE
082 0 4 _a909.827
_222
_bWHE
100 1 _aWheen, Francis,
_eauthor.
245 1 0 _aStrange days indeed :
_bthe golden age of paranoia /
_cFrancis Wheen.
264 1 _aLondon :
_bFourth Estate,
_c2010.
300 _a344 pages ;
_c20 cm
336 _atext
_2rdacontent
_btxt
337 _aunmediated
_2rdamedia
_bn
338 _avolume
_2rdacarrier
_bnc
500 _aOriginally published: 2009.
504 _aIncludes bibliographical references and index.
600 1 7 _aNixon, Richard M.
_q(Richard Milhous),
_d1913-1994
_xPsychology.
_2BUEsh
600 1 7 _aWilson, Harold,
_d1916-1995
_xPsychology.
_2BUEsh
650 7 _aParanoia.
_2BUEsh
650 7 _aNineteen seventies.
_2BUEsh
650 7 _aWorld politics
_y1965-1975.
_2BUEsh
650 7 _aWorld politics
_y1975-1985.
_2BUEsh
650 7 _aCold War.
_2BUEsh
650 7 _aEspionage
_xHistory
_y20th century.
_2BUEsh
655 _vReading book
942 _2ddc
_cBB
999 _c31005
_d30976